La satira nell'antico Egitto /

محفوظ في:

المؤلف الرئيسي: Curto, Silvio (مؤلف)

التنسيق: كتاب

اللغة: Italian

سلاسل: Museo egizio di Torino. Quaderni ; 1.

الموضوعات:

الوسوم: إضافة وسم

لا توجد وسوم, كن أول من يضع وسما على هذه التسجيلة!

رقم الطلب: DT59 .T45 Q45 v.1

LEADER 00890namaa2200253 4500
001 13594
003 OSt
005 20210816075617.0
008 130303s1968 it a g b 000 0 ita d
952 |0 0  |1 0  |2 lcc  |3 V.1  |4 0  |6 DT0059 T45 Q45 V.00001  |7 1  |9 17777  |a ARCE  |b ARCE  |d 2021-08-16  |l 0  |o DT59 .T45 Q45 v.1  |p 1006471  |r 2021-08-16 00:00:00  |w 2021-08-16  |y BK 
999 |c 14649  |d 14649 
010 |a 73391210 
040 |c ARCE Library 
050 0 4 |a DT59 .T45 Q45 v.1 
100 1 |a Curto, Silvio,  |e author  |9 28497 
245 1 3 |a La satira nell'antico Egitto /  |c Silvio Curto. 
264 1 |a Torino :  |b Museo egizio,  |c 1968. 
300 |a 12 leaves :  |b illustrations ;  |c 28 cm. 
490 1 |a Museo egizio di Torino. Quaderni ;   |v 1. 
504 |a Bibliography : pages [3] of cover. 
650 0 |a Caricature  |z Egypt  |x History.  |9 7897 
830 0 |a Museo egizio di Torino.  |p Quaderni ;  |v 1. 
901 |a reviewed 
942 |c BK  |2 lcc